00867nam a22002657a 45000010005000000030006000050050017000110080041000280200018000690400029000870500009001160820010001251000023001352450072001582500038002302600035002683000045003035050007003485200127003555210018004825210018005006500021005186500032005397000030005715858FISKH20250127090038.0250127b cb ||||| |||| 00| 0 eng d a9780590477581 aFISKHbengcFISKHdFISKH aPZ73 a372.4 aMora, Patd(1942-) aA birthday basket for Tia /cby Pat Mora illustrated by Cecily Lang aThis edition is published in 1992 aNew York :bScholastic,c1992. a32 pages :bcolor illustrations ;c21 cm aL  aWith the help and interference of her cat Chica, Cecilia prepares a surprise gift for her great-aunt's ninetieth birthday.8 a510 bLexile 8 aL bRaz-Plus  2FamilyaBirthday 2Picture bookaMulticultural aLang, Cecilydillustrator